000 00257nam a2200097Ia 4500
001 798549
005 20250826170829.0
008 250824s9999 xx 000 0 und d
245 0 _aDİNO AVCISI 2. MÜZEDE KARGAŞA
_cFRANCO
260 _bUĞUR BÖCEĞİ YAYINLARI
999 _c798549
_d798549